000 00321 a2200157 4500
001 171866
020 _a
040 _cMagnum
100 _aMiranda, Orlando
240 1 0 _aO rosto perdido
_lpor
245 1 0 _aO rosto perdido
362 0 _a1899
440 1 _aModerna
697 _aJ/ADOLESCENTE, NAMORO
942 _cBK
999 _c171866
_d171866